00000000nas##2200000za#4500
0019.509660
003CaOODSP
00520200331214200
007ta
008150406c1991||||xxc|| m #||||f|   |0eng|d
040 |aCaOODSP|beng
041 |aeng
041 |afre
043 |an-cn---
0861 |aSP2-6
1101 |aCanada. |bQueen's Printer.
24510|aCanada gazette, part I. Supplement
260 |aOttawa - Ontario : |bQueen's Printer
310 |aAnnual
500 |a"Office of the Superintendent of Financial Institutions, Bank Act and Trust and Loan Companies Act".--Page [1].
500 |aAvailable only in electronic format from 2007 edition.
5203 |aThe amounts reported are those of $50.00 or more payable in Canada in Canadian currency which have been unclaimed for nine years or more.
563 |aSoftcover
7760#|tGazette du Canada, Partie I. Supplément |w(CaOODSP)9.500176
792 |tGazette du Canada, partie I. Supplément |efre|w(CaOODSP)9.509661